书目信息 |
| 题名: |
农村机电知识
|
|
| 作者: | ;广东省顺德县机电厂 编 | |
| 分册: | ||
| 出版信息: | 广州 广东人民出版社 1973 |
|
| 页数: | 193页 | |
| 开本: | 19cm | |
| 丛书名: | ||
| 单 册: | ||
| 中图分类: | TM301 | |
| 科图分类: | ||
| 主题词: | 电机 | |
| 电子资源: | ||
| ISBN: | ||
| 000 | 00587nam0 2200205 45 | |
| 001 | 0405211164 | |
| 005 | 20040521112100.8 | |
| 010 | @dCNY0.39 | |
| 091 | @a15111.60 | |
| 100 | @a20040521d1973 km y0chiy0120 ea | |
| 101 | 0 | @achi |
| 105 | @a z 000yy | |
| 200 | 1 | @a农村机电知识@ANong Cun Ji Dian Zhi Shi@f广东省顺德县机电厂编@FGuang Dong Sheng Shun De Xian Ji Dian Chang Bian |
| 210 | @a广州@c广东人民出版社@d1973 | |
| 215 | @a193页@d19cm | |
| 606 | 0 | @a电机 |
| 690 | @aTM301@v3 | |
| 711 | 02 | @a广东省顺德县机电厂@4编 |
| 801 | @aCN@bTSTCL@c20040521 | |
| 905 | @f2@b9153-154@dTM301@e5 | |
| 农村机电知识/广东省顺德县机电厂编.-广州:广东人民出版社,1973 |
| 193页;19cm |
| ISBN :CNY0.39 |
| ● |
| 相关链接 |
|
|
|
|
正题名:农村机电知识
索取号:TM301/5
 
预约/预借
| 序号 | 登录号 | 条形码 | 馆藏地/架位号 | 状态 | 备注 |
| 1 | 0009153 | 001344879 | 第三借阅区/ [索取号:TM301/5] | 在馆 | |
| 2 | 0009154 | 001344913 | 第二样本阅览室/ [索取号:TM301/5] | 在馆 |